| 000 | 00659 a2200181 4500 | ||
|---|---|---|---|
| 999 |
_c7921 _d7921 |
||
| 010 | _aENG-88250 | ||
| 020 |
_a8173200712 _c490.00 |
||
| 035 | _aEN-71783 | ||
| 037 | _bDBAD / PUB | ||
| 082 | 1 | 4 | _a737.4 |
| 100 | 1 | _aSrivastava, Prashant | |
| 245 | 1 |
_aThe apracharajas: _cby Prashant Srivastava _ba history based coins and inscriptions |
|
| 260 |
_aDelhi _bAgam Kala Prakashan _c2007 |
||
| 270 |
_a34, Central Market, Ashok Vihar, _b Delhi _c110 052 _mharanand@rediffmail.com _k011-27212195 _l91-11-27212195 |
||
| 300 |
_aviii, 139 p. _c22cm (Hb.) |
||
| 500 | _aIncludes bibliograpgical references and index | ||
| 942 |
_adpl _cEN _2ddc _h737.4 _mSRI |
||